Wer gehört nicht dazu? - Geographie - Sudden Death - Statistiken

Allgemein
  • Dieses Quiz wurde 378 mal gespielt
  • Das Durchschnittsergebnis liegt bei 5 aus 10
Answers on the Grid
Answers color-coded by a green-red scale on the quiz's grid according to % correct below.
Argentinien
Polen
Griechenland
Bordeaux
Lyon
Barcelona
San Marino
Vatikanstadt
Lesotho
Amazonas
Nil
Sambesi
Guyana
Kuba
Paraguay
Litauen
Deutschland
Albanien
Ibiza
Teneriffa
Mallorca
Shenzhen
Chennai
Kolkata
Aconcagua
Kilimandscharo
Chimborazo
Boston
Seattle
San Francisco
 
Antwortstatistiken
Antwort % Korrekt
Argentinien
93%
Barcelona
93%
Lesotho
90%
Amazonas
48%
Kuba
43%
Teneriffa
33%
Albanien
20%
Boston
15%
Kilimandscharo
13%
Shenzhen
13%
Keine übereinstimmenden Quizze gefunden
Verteilung der Resultate
Anzahl Personen mit jedem Resultat
Perzentil nach korrekt beantworteten Fragen
Ihre Resultats-Entwicklung
Sie haben dieses Quiz noch nicht gespielt